Gods and the One God (Record no. 9672)

MARC details
000 -LEADER
fixed length control field 00585nam a2200241 a 4500
020 ## - INTERNATIONAL STANDARD BOOK NUMBER
ISBN 0664055
082 00 - DEWEY DECIMAL CLASSIFICATION NUMBER
Classification number 261.22
Author Cutter GRA
100 ## - MAIN ENTRY--AUTHOR NAME
Author name Grant, Robert M
245 ## - TITLE STATEMENT
Title Gods and the One God
260 ## - PUBLICATION, DISTRIBUTION, ETC. (IMPRINT)
Place of publication Louisville
Name of publisher Westminister Press
Year of publication 1986
300 ## - PHYSICAL DESCRIPTION
Number of Pages 211p
500 ## - GENERAL NOTE
General note includes index and biblioraphy
505 2# - FORMATTED CONTENTS NOTE
Formatted contents note Index
650 ## - SUBJECT ADDED ENTRY--TOPICAL TERM
Topical Term Gods-Greek
650 ## - SUBJECT ADDED ENTRY--TOPICAL TERM
Topical Term Early-Church History
942 ## - ADDED ENTRY ELEMENTS (KOHA)
Koha item type Books
Holdings
Collection code Home library Current library Date acquired Cost, normal purchase price Full call number Accession Number Koha item type
  Henry Martyn Institute Library Henry Martyn Institute Library 07/10/2007 392.00 261.22 GRA 015102 Books
                   Copyright © 2026 | Henry Martyn Institute | Hyderabad | TS-500052 | INDIA | Implemented by hmi.edu.in
Hit-Count:

Powered by Koha